00360pab a2200133 454500008004000000100002400040245006100064260000900125300001500134362000800149650001200157700002400169773003300193180718b2011 xxu||||| |||| 00| 0 eng d aPepinsky, Thomas B. aPiety and redistributive preferences in the Muslim world c2011 ap.491-505. aSep aMuslims aWelborne, Bozena C. aPolitical Research Quarterly